Catalog

Record Details

Catalog Search



Tom Clancy's op-center. State of siege  Cover Image Book Book

Tom Clancy's op-center. State of siege / created by Tom Clancy and Steve Pieczenik.

Rovin, Jeff. (Author). Clancy, Tom, 1947-2013 (Added Author). Pieczenik, Steve R. (Added Author).

Summary:

A group of renegade UN peacekeepers, outfitted with stolen weapons, siezes the UN building and holds ambassadors for ransom.

Record details

  • ISBN: 9780425168226
  • ISBN: 0425168220
  • Physical Description: 368 pages ; 17 cm
  • Publisher: New York : Berkley Books, 1999.
Subject: United Nations > Fiction.
Assassins > Fiction.
Hostages > Fiction.
Crisis management in government > United States > Fiction.
Genre: Thrillers (Fiction)
Suspense fiction.
Political fiction.

LDR 01747cam a22004454a 4500
001153123
003SBPL
00520220805152917.0
008990610s1999 nyu 000 1 eng c
010 . ‡a 99480317
020 . ‡a9780425168226 ‡q(paperback)
020 . ‡a0425168220 ‡q(paperback)
035 . ‡a(CONS)153123
035 . ‡a(CPomAG)LMN615357
050 4. ‡aPS3553.L245 ‡bT68 1999
08200. ‡a813/.54 ‡221
1001 . ‡aRovin, Jeff.
24510. ‡aTom Clancy's op-center. ‡pState of siege / ‡ccreated by Tom Clancy and Steve Pieczenik.
24630. ‡aOp-center
24630. ‡aState of siege
260 . ‡aNew York : ‡bBerkley Books, ‡c1999.
300 . ‡a368 pages ; ‡c17 cm
336 . ‡atext ‡btxt ‡2rdacontent
337 . ‡aunmediated ‡bn ‡2rdamedia
338 . ‡avolume ‡bnc ‡2rdacarrier
4901 . ‡aTom Clancy's Op-center ; ‡v6
520 . ‡aA group of renegade UN peacekeepers, outfitted with stolen weapons, siezes the UN building and holds ambassadors for ransom.
61020. ‡aUnited Nations ‡vFiction.
650 0. ‡aAssassins ‡vFiction.
650 0. ‡aHostages ‡vFiction.
650 0. ‡aCrisis management in government ‡zUnited States ‡vFiction.
655 7. ‡aThrillers (Fiction) ‡2lcgft
655 4. ‡aSuspense fiction.
655 7. ‡aPolitical fiction. ‡2lcgft
7001 . ‡aClancy, Tom, ‡d1947-2013.
7001 . ‡aPieczenik, Steve R.
830 0. ‡aTom Clancy's Op-center ; ‡v6.
901 . ‡a153123 ‡bUnknown ‡c153123 ‡tbiblio

Additional Resources